000 00606nam a22002297a 4500
003 OSt
005 20250909130011.0
008 250909b |||||||| |||| 00| 0 eng d
020 _a9780861547302
040 _cSTCPL
041 _aENG
082 _a215
_bNIC-M
100 _aSpencer, Nicholas
245 0 0 _aMagisteria :
_bThe entangled histories of science and religion /
_cBy Nicholas Spencer
260 _aLondon :
_bOneworld Publications ,
_c2023
300 _a467 p.
_bPB
650 0 _aReligion
650 0 _aNatural religion
650 0 _aScience and religion
942 _cBK
942 _2ddc
999 _c87129
_d87129